| 000 | 00480aam a2200193 4500 | ||
|---|---|---|---|
| 005 | 20170602173758.0 | ||
| 008 | 150610b xxu||||| |||| 00| 0 spa d | ||
| 041 | _aEspañol | ||
| 082 | _a231 DVD | ||
| 245 | _aEl milagro de la mariposa azul:en busca de un sueño | ||
| 260 | _aCanada | ||
| 260 | _bGlobal Arts Productions | ||
| 260 | _c2004 | ||
| 300 | _a97 MINUTOS | ||
| 650 |
_aDRAMA _922346 |
||
| 650 |
_aENFERMEDADES _91305 |
||
| 650 |
_aINFANCIA _942914 |
||
| 942 | _cBK | ||
| 999 |
_c9513 _d9513 |
||